Geography Quiz

Random Geography or City Quiz

Metros of Brazil over 1 000 000 Quiz Stats

 Plays Quiz not verified by Sporcle

Challenge
Share
Tweet
Embed
Score 0/18 Timer 04:00
0 Plays Today
Rank Metros % Correct
2Rio de Janeiro
100%
1Sao Paulo
99.5%
5Salvador
97.7%
9Brasilia
97.2%
3Belo Horizonte
97.2%
6Recife
95.8%
4Porto Alegre
95.3%
11Manaus
89.7%
7Fortaleza
88.7%
Rank Metros % Correct
8Curitiba
83.6%
12Belem
83.6%
10Campinas
67.1%
15Natal
66.7%
13Goiania
62.4%
16Sao Luis
57.7%
14Santos
47.4%
17Campo Grande
32.4%
18Sao Gonçalo
18.9%

You're not logged in!

Compare scores with friends on all Sporcle quizzes.
OR
Log In

You Might Also Like...

Show Comments

Extras

Top Quizzes Today


Score Distribution

Your Account Isn't Verified!

In order to create a playlist on Sporcle, you need to verify the email address you used during registration. Go to your Sporcle Settings to finish the process.

Report this User

Report this user for behavior that violates our Community Guidelines.

Details: